000 00776nam a2200241Ia 4500
003 IN-BaIIA
008 211028s9999 xx s 000 0 eng d
020 _a978-3-540-22255-2 (Print)
020 _a978-3-540-44457-2 (Online)
022 _a0075-8450 (Print)
022 _a1616-6361 (Online)
040 _cIIA Library
100 _aMeibner, U.-G., ed.
_940139
245 0 _aLectures on Flavor Physics
_h[eBook]
260 _aHeidelberg, Berlin
_bSpringer Berlin Heidelberg
_c2004
300 _aOnline resource
490 _aLecture Notes in Physics
650 _a Elementary Particles, Quantum Field Theory
650 _aPhysics
_973
700 _aPlessas, Willibald, ed.
_939926
856 _uhttp://doi.org/10.1007/b98411
_yClick Here to Access eBook
942 _cEB
999 _c21704
_d21704